000 01225nam a2200325 c 4500
003 BLK
005 20221122153633.0
008 180409b bul|||||r ||||||| ||bul||
010 _aKNG00136509000
020 _a978-954-28-1152-7
_bиздат.: Сиела Норма
040 _aBLK
041 _aBUL
_cBUL
072 7 _2bullib
_aН84
_xБългарска художествена литература Н
080 _aБългарска литература
_b821.163.2
_x-31
_z821.163.2-31
100 1 _aИванова, Светла Георгиева
_eпърви автор
_9302970
139 _aИванова, Светла Георгиева
_bИ 22
245 1 0 _aВихра и водка
_bРоман
_cСветла Георгиева Иванова.
257 _aBGR
260 София
_bСиела Норма
_c2012
300 _a220 с.
_c20 см
380 _aX
500 _aПродълж. на кн. Забранено до 18! и Светът (между) в краката й.
653 _aромани
659 _aН
852 _aЦб 256936
856 4 _qpdf
_u
856 4 _qpdf
_u
942 _cKNG
_n0
_05
944 _aCR
_c27.11.2012
_lф /
_kПенка_Димитрова
944 _aED
_c11.03.2014
_lф /
_k
999 _c130721
_d130721